Common Knowledge #28 - Statistics

General Stats
  • This quiz has been taken 741 times
  • The average score is 15 of 21
Answer Stats
Hint Answer % Correct
Whose nose grew longer every time he lied? Pinocchio
93%
What is the family name of JFK? Kennedy
90%
Why do things fall down when you drop them? Gravity
89%
Carnivore animals mostly eat what? Meat
89%
What color is Absinthe? Green
82%
In which city is the cathedral of Nôtre Dame? Paris
78%
What type of celestial body is the Sun? Star
77%
Who is said to have invented the light bulb? Thomas Edison
74%
In which city was Jesus born? Bethlehem
73%
What is the Panda’s name in Kung Fu Panda? Po
72%
What nationality was Marco Polo? Italian
70%
What is the biggest bird in the world? Ostrich
70%
The highest temperature ever recorded in the U.S. was in which state? California
69%
What is the only state that borders just one other? Maine
68%
Name the top 2 leading causes of death in the U.S. Cancer
66%
Which NFL quarterback has won the most Super Bowl titles? Tom Brady
66%
What building is on the back of the $20 bill? White House
64%
A four-wheeled passenger vehicle pulled by two or more horses. Carriage
60%
What northwestern city did Starbucks open its first store in 1971? Seattle
53%
Name the top 2 leading causes of death in the U.S. Heart Disease
32%
The Candlestick, Lead Pipe, Knife, Revolver, Rope, and what else are the six weapons in a standard game of Clue? Wrench
23%
No matching quizzes found
Score Distribution
Percent of People with Each Score
Percentile by Number Answered
Your Score History
You have not taken this quiz